Philippine Islands in Order of Size - Statistics

General Stats
  • This quiz has been taken 13 times
  • The average score is 4 of 12
Answer Stats
Island Island .... Word Bank Word Bank % Correct
1 Luzon Bohol
100%
2 Mindanao Catanduanes
100%
3 Samar Cebu
67%
4 Negros Leyte
22%
10 Bohol Palawan
11%
12 Catanduanes Samar
11%
9 Cebu Negros
11%
8 Leyte Mindoro
11%
11 Masbate Panay
11%
7 Mindoro Mindanao
11%
5 Palawan . Luzon
11%
6 Panay Masbate
11%
No matching quizzes found
Score Distribution
Percent of People with Each Score
Percentile by Number Answered
Your Score History
You have not taken this quiz